Các hình thức tôn giáo sơ khai và sự phát triển của chúng Sách tham khảo
Công trình tổng kết những kết quả nghiên cứu của nhiều nhà khoa học xã hội, nhà tôn giáo đương thời về các hình thức tôn giáo sơ khai
Đã lưu trong:
| Hovedforfatter: | |
|---|---|
| Andre forfattere: | |
| Format: | Bog |
| Sprog: | Vietnamese |
| Udgivet: |
H.
Chính trị quốc gia
1994
|
| Fag: | |
| Tags: |
Tilføj Tag
Ingen Tags, Vær først til at tagge denne postø!
|
| Thư viện lưu trữ: | Mạng thư viện Đại học Đà Nẵng |
|---|
| LEADER | 01370nam a22003738a 4500 | ||
|---|---|---|---|
| 001 | 000014110 | ||
| 003 | 10465 | ||
| 005 | 20120329080348.0 | ||
| 008 | 120329s1994 b 000 0 od | ||
| 020 | |c 23000đ |d 1000b | ||
| 041 | 0 | |a 9504 | |
| 041 | 0 | |a vie | |
| 080 | |a 29 | ||
| 082 | |a 200.7 |b TO-X | ||
| 084 | |a X210 |b C000á | ||
| 100 | 1 | |a Tôcarev, X.A. |e Tác giả | |
| 245 | 1 | 0 | |a Các hình thức tôn giáo sơ khai và sự phát triển của chúng |b Sách tham khảo |c X.A. Tôcarev ; Lê Thế Thép dịch |
| 260 | |a H. |b Chính trị quốc gia |c 1994 | ||
| 300 | |a 438tr |c 19cm | ||
| 520 | |a Công trình tổng kết những kết quả nghiên cứu của nhiều nhà khoa học xã hội, nhà tôn giáo đương thời về các hình thức tôn giáo sơ khai | ||
| 653 | |a Tôn giáo | ||
| 653 | |a lịch sử | ||
| 653 | |a lịch sử tôn giáo | ||
| 700 | 1 | |a Lê Thế Thép |e Dịch | |
| OWN | |a LSP | ||
| AVA | |a UDN50 |b LSP |d 200.7 TO-X |e available |t Error 5001 Not defined in file expand_doc_bib_avail. |f 1 |g 0 |h N |i 0 |k 1 | ||
| 999 | |a From the UDN01 | ||
| AVA | |a UDN50 |b LSP |d 200.7 TO-X |e available |t Error 5001 Not defined in file expand_doc_bib_avail. |f 1 |g 0 |h N |i 0 |k 1 | ||
| TYP | |a Monograph | ||
| TYP | |a Printed language | ||
| 980 | |a Mạng thư viện Đại học Đà Nẵng | ||